[Event "game4"]
[Site "http://www.queenalice.com/game.php?id=625583"]
[Date "2009.7.27"]
[Round "-"]
[White "mandar9589"]
[Black "arsen387"]
[Result "1-0"]
[WhiteElo "2146"]
[BlackElo "2158"]

1. e4 e6 2. d4 d5 3. Nc3 Nf6 4. Bg5 Bb4 5. e5 h6 6. Bd2 Bxc3 7. bxc3 Ne4 8. Qg4
Kf8 9. Bd3 Nxd2 10. Kxd2 c5 11. h4 c4 12. Be2 Nc6 13. Rh3 Bd7 14. Rg3 Rh7 15.
Nh3 b5 16. Nf4 Ne7 17. Nh5 Nf5 18. Rh3 Rb8 19. Ng3 Ne7 20. Nh5 a5 21. Rg3 Nf5
22. Rh3 Rb7 23. Ng3 Ne7 24. Ne4 Rb6 25. Nd6 Qb8 26. Qf4 Nf5 27. Nxf7 Kxf7 28. g4
b4 29. gxf5 bxc3+ 30. Rxc3 exf5 31. h5 Rb1 32. Rxb1 Qxb1 33. Bg4 Kg8 34. Bxf5
Bxf5 35. Qxf5 g5 36. Qc8+ Kf7 37. e6+ 1-0

[Event "AUTO-MASTER-863"]
[Site "http://www.queenalice.com/game.php?id=626459"]
[Date "2009.7.29"]
[Round "1"]
[White "IMS"]
[Black "mandar9589"]
[Result "1/2-1/2"]
[WhiteElo "2021"]
[BlackElo "2150"]

1. e4 c5 2. Nf3 Nc6 3. Bb5 d6 4. Bxc6+ bxc6 5. O-O Bg4 6. d3 Nf6 7. Nbd2 Nd7 8.
b3 g6 9. Bb2 e5 10. h3 Be6 11. Nh2 Bh6 12. Nc4 Nb6 13. f4 f6 14. fxe5 fxe5 15.
Bc1 Bxc1 16. Qxc1 Qd7 17. Qd2 Nxc4 18. dxc4 O-O-O 19. Rf3 Rhf8 20. Raf1 Qe7 21.
Rxf8 Rxf8 22. Rd1 Kc7 23. Qa5+ Kb8 24. Qd2 Kc7 25. Qa5+ Kb8 26. Qd2 Kc7 1/2-1/2

[Event "AUTO-MASTER-863"]
[Site "http://www.queenalice.com/game.php?id=626473"]
[Date "2009.7.29"]
[Round "1"]
[White "mad_knight"]
[Black "mandar9589"]
[Result "0-1"]
[WhiteElo "1951"]
[BlackElo "2111"]

1. e4 c5 2. Nf3 Nc6 3. Bb5 d6 4. d4 cxd4 5. Qxd4 Bd7 6. Bxc6 Bxc6 7. Nc3 Nf6 8.
Bg5 e6 9. O-O-O Be7 10. Rhe1 O-O 11. e5 dxe5 12. Qh4 Qc7 13. Nxe5 Rfd8 14. Ng4
Nxg4 15. Bxe7 Rxd1+ 16. Rxd1 Qf4+ 17. Kb1 Qf5 18. f3 Ne3 19. Rd2 h6 20. Qd4 Nd5
21. Nxd5 Qxd5 22. Qf4 Qb5 23. c4 Qb6 24. Rd4 Re8 0-1

[Event "AUTO-MASTER-863"]
[Site "http://www.queenalice.com/game.php?id=626474"]
[Date "2009.7.29"]
[Round "1"]
[White "mandar9589"]
[Black "mad_knight"]
[Result "1-0"]
[WhiteElo "2097"]
[BlackElo "2129"]

1. d4 d5 2. Nf3 Nf6 3. e3 Bf5 4. Bd3 Bxd3 5. Qxd3 c6 6. Nbd2 Nbd7 7. O-O e6 8.
c3 Bd6 9. e4 e5 10. exd5 O-O 11. dxc6 bxc6 12. Qf5 exd4 13. Nc4 g6 14. Qh3 Nb6
15. Nxd6 Qxd6 16. Nxd4 c5 17. Nf3 Rfe8 18. Bg5 Re2 19. Rad1 Nfd5 20. Bc1 Rae8
21. c4 Nxc4 22. Ng5 h6 23. Qxh6 Qe7 24. Qh7+ 1-0

[Event "AUTO-MASTER-863"]
[Site "http://www.queenalice.com/game.php?id=626483"]
[Date "2009.7.29"]
[Round "1"]
[White "mandar9589"]
[Black "szachista92"]
[Result "1-0"]
[WhiteElo "2158"]
[BlackElo "2164"]

1. d4 Nf6 2. Nf3 d6 3. e3 b6 4. Bd3 Bb7 5. Nbd2 g6 6. c3 Nbd7 7. O-O Bg7 8. Qe2
O-O 9. e4 e5 10. d5 Nh5 11. Nc4 Nc5 12. Bc2 Bc8 13. Ng5 Qe7 14. Re1 f5 15. exf5
Bxf5 16. b4 Nd7 17. Bxf5 Rxf5 18. Ne6 Qf7 19. Nxc7 Rf8 20. Nxd6 Rxf2 21. Nxf7
Rxe2 22. Nh6+ Bxh6 23. Rxe2 Bg7 24. Ne6 1-0

[Event "AUTO-MASTER-863"]
[Site "http://www.queenalice.com/game.php?id=626484"]
[Date "2009.7.29"]
[Round "1"]
[White "szachista92"]
[Black "mandar9589"]
[Result "0-1"]
[WhiteElo "2134"]
[BlackElo "2170"]

1. e4 c5 2. Nf3 d6 3. d4 cxd4 4. Nxd4 Nf6 5. Nc3 g6 6. Be3 Bg7 7. f3 O-O 8. Qd2
Nc6 9. O-O-O Bd7 10. h4 Rc8 11. Kb1 h5 12. Be2 Ne5 13. Bh6 Bxh6 14. Qxh6 Qb6 15.
Nd5 Nxd5 16. exd5 Rc3 17. Nb3 a5 18. bxc3 a4 19. Qd2 axb3 20. cxb3 Ra8 21. g4
hxg4 22. f4 Bf5+ 23. Kc1 Nd7 24. h5 Nc5 25. b4 Ne4 26. Qd4 Qxd4 27. Rxd4 Rxa2
28. Re1 Ra1+ 0-1

[Event "Challenge"]
[Site "http://www.queenalice.com/game.php?id=637917"]
[Date "2009.8.17"]
[Round "-"]
[White "Vascaisso"]
[Black "mandar9589"]
[Result "0-1"]
[WhiteElo "2098"]
[BlackElo "2126"]

1. e4 e6 2. d4 d5 3. exd5 exd5 4. Nf3 Bd6 5. Be2 Nf6 6. O-O O-O 7. Bg5 Bf5 8.
Nc3 c6 9. Re1 Nbd7 10. h3 Qc7 11. Bd3 Be6 12. Bxf6 Nxf6 13. a3 Rae8 14. Ne2 Re7
15. c3 Rfe8 16. Qc2 Bd7 17. c4 dxc4 18. Bxc4 Qc8 19. Ng3 Bxg3 20. fxg3 Bf5 21.
Bd3 Be4 22. Ne5 Qd8 23. Qc3 Bxd3 24. Nxd3 Ne4 25. Qc4 Nxg3 26. Rxe7 Rxe7 27. Rd1
Ne2+ 28. Kh1 Qxd4 29. Nf2 Qb6 30. Qg4 f6 31. Qc4+ Kf8 32. Nd3 Re4 33. Qc2 Qe3
34. Nc5 Qf2 35. Nd7+ Kf7 36. Qb3+ Kg6 37. Qg8 Qf5 38. Nf8+ Kh6 39. Qb3 Nf4 40.
Qf3 Nh5 41. Qb3 Re2 42. Qc3 Qf2 43. Rg1 Ng3+ 44. Kh2 Nf1+ 45. Kh1 Qf4 0-1

[Event "For fun"]
[Site "http://www.queenalice.com/game.php?id=640879"]
[Date "2009.8.23"]
[Round "1"]
[White "technicaldraw"]
[Black "mandar9589"]
[Result "0-1"]
[WhiteElo "2034"]
[BlackElo "2083"]

1. e4 e6 2. d4 d5 3. Nc3 Nf6 4. Bg5 Be7 5. e5 Nfd7 6. Bxe7 Qxe7 7. f4 c5 8. Nb5
O-O 9. Nc7 cxd4 10. Nxa8 Qb4+ 11. Qd2 Qxb2 12. Rc1 Nc5 13. Bd3 Bd7 14. Nc7 Rc8
15. Ne2 Rxc7 16. O-O Nxd3 17. Qxd3 Bb5 18. Qd2 d3 19. Ng3 Rxc2 20. Rxc2 dxc2 21.
Rc1 Bd3 22. Nf1 Nc6 23. Ne3 Nb4 0-1

[Event "For fun"]
[Site "http://www.queenalice.com/game.php?id=650688"]
[Date "2009.9.11"]
[Round "2"]
[White "mandar9589"]
[Black "positionalgenius"]
[Result "1-0"]
[WhiteElo "2118"]
[BlackElo "1983"]

1. d4 Nf6 2. Nf3 e6 3. e3 d5 4. Bd3 c5 5. c3 Be7 6. Nbd2 O-O 7. e4 dxe4 8. Nxe4
cxd4 9. cxd4 Nc6 10. Nc3 Kh8 11. O-O Nxd4 12. Bg5 Nxf3+ 13. Qxf3 h6 14. Bf4 Nd5
15. Nxd5 Qxd5 16. Be4 Qb5 17. b3 Bf6 18. Rac1 e5 19. Bxh6 Be6 20. Qh5 1-0

[Event "For fun"]
[Site "http://www.queenalice.com/game.php?id=665218"]
[Date "2009.10.10"]
[Round "3"]
[White "mandar9589"]
[Black "TheAlchemist"]
[Result "1-0"]
[WhiteElo "2137"]
[BlackElo "2164"]

1. d4 Nf6 2. Nf3 e6 3. e3 d5 4. Nbd2 c5 5. c3 Nc6 6. Bd3 Bd6 7. O-O Qc7 8. e4
cxd4 9. cxd4 Nb4 10. Bb1 dxe4 11. Nxe4 Nxe4 12. Bxe4 f5 13. Bb1 Bd7 14. a3 Nd5
15. Re1 O-O 16. Ne5 Bxe5 17. Rxe5 Rac8 18. Bd3 f4 19. Bd2 Qb6 20. Rxd5 exd5 21.
Qh5 h6 22. Qxd5+ Be6 23. Qe5 f3 24. d5 Bd7 25. Bc3 Rxc3 26. bxc3 fxg2 27. Qe3
Qd6 28. c4 b5 29. cxb5 Qxd5 30. a4 Bf5 31. Bxf5 Rxf5 32. Qxa7 1-0

[Event "nightw0lf-2"]
[Site "http://www.queenalice.com/game.php?id=684255"]
[Date "2009.11.16"]
[Round "1"]
[White "TheAlchemist"]
[Black "mandar9589"]
[Result "1/2-1/2"]
[WhiteElo "2156"]
[BlackElo "2158"]

1. e4 e5 2. Nf3 Nc6 3. Bc4 Nf6 4. d4 exd4 5. O-O Bc5 6. e5 d5 7. exf6 dxc4 8.
Re1+ Be6 9. Ng5 Qd5 10. Nc3 Qf5 11. g4 Qg6 12. Nce4 Bb6 13. f4 O-O-O 14. f5 Bxf5
15. gxf5 Qxf5 16. Rf1 Qg6 17. fxg7 Rhg8 18. Kh1 h6 19. Qf3 hxg5 20. Bxg5 Rxg7
21. Bxd8 Nxd8 22. Rg1 Qh6 23. Rxg7 Qxg7 24. Qf5+ Kb8 25. Rg1 Qh6 26. Rg8 Qc1+
27. Kg2 Qxc2+ 28. Kh3 Qd3+ 29. Kh4 c6 30. Qe5+ Ka8 31. Qe7 a6 32. Rxd8+ Bxd8 33.
Qxd8+ Ka7 34. Nd6 c3 35. bxc3 Qh7+ 1/2-1/2

[Event "AUTO-MASTER-863"]
[Site "http://www.queenalice.com/game.php?id=774344"]
[Date "2010.5.12"]
[Round "2"]
[White "Whitecharger"]
[Black "mandar9589"]
[Result "1-0"]
[WhiteElo "2371"]
[BlackElo "2143"]

1. d4 Nf6 2. c4 g6 3. Nc3 d5 4. cxd5 Nxd5 5. e4 Nxc3 6. bxc3 Bg7 7. Bc4 c5 8.
Ne2 O-O 9. O-O Nc6 10. Be3 Bg4 11. f3 Na5 12. Bd3 cxd4 13. cxd4 Be6 14. d5 Bxa1
15. Qxa1 f6 16. Bh6 Re8 17. Kh1 Rc8 18. Nf4 Bd7 19. e5 Nc4 20. e6 Ba4 21. Nxg6
hxg6 22. Bxg6 Ne5 23. Be4 Bc2 24. Bxc2 Rxc2 25. Qd1 Kh7 26. f4 Kxh6 27. fxe5 Qc7
28. exf6 exf6 29. Qd4 Kh7 30. Qh4+ Kg8 31. Qxf6 Qg7 32. Qf7+ Qxf7 33. exf7+ Kf8
34. fxe8=Q+ Kxe8 35. g4 Rd2 36. d6 Rxd6 37. Kg2 Rd2+ 38. Rf2 1-0

[Event "AUTO-MASTER-863"]
[Site "http://www.queenalice.com/game.php?id=774345"]
[Date "2010.5.12"]
[Round "2"]
[White "mandar9589"]
[Black "Whitecharger"]
[Result "0-1"]
[WhiteElo "2149"]
[BlackElo "2362"]

1. d4 Nf6 2. c4 g6 3. Nc3 c5 4. d5 Bg7 5. e4 d6 6. Bd3 O-O 7. Nf3 e6 8. h3 Na6
9. O-O Nc7 10. Bg5 h6 11. Be3 exd5 12. exd5 b5 13. b3 Re8 14. Qd2 b4 15. Bxh6
bxc3 16. Qc1 Bxh6 17. Qxh6 Nh7 18. Rac1 Qf6 19. h4 Bg4 20. Ng5 Nxg5 21. hxg5 Qe5
22. Bxg6 fxg6 23. Qxg6+ Qg7 24. Qxd6 Bf5 25. Qxc5 Bd3 26. d6 Bxf1 27. Qxc7 Qxg5
28. Rxf1 c2 0-1

[Event "AUTO-MASTER-863"]
[Site "http://www.queenalice.com/game.php?id=774348"]
[Date "2010.5.12"]
[Round "2"]
[White "mandar9589"]
[Black "mds"]
[Result "0-1"]
[WhiteElo "2160"]
[BlackElo "2368"]

1. d4 f5 2. Nf3 Nf6 3. g3 g6 4. Bg2 Bg7 5. O-O O-O 6. c4 d6 7. Nc3 Qe8 8. d5 Na6
9. Rb1 Bd7 10. b4 c5 11. dxc6 Bxc6 0-1

[Event "AUTO-MASTER-863"]
[Site "http://www.queenalice.com/game.php?id=774349"]
[Date "2010.5.12"]
[Round "2"]
[White "mds"]
[Black "mandar9589"]
[Result "1-0"]
[WhiteElo "2374"]
[BlackElo "2154"]

1. d4 Nf6 2. Nf3 g6 3. Nc3 Bg7 4. e4 d6 5. Bg5 O-O 6. Qd2 c6 7. O-O-O b5 8. Bd3
Qc7 9. Bh6 e5 10. dxe5 dxe5 11. Bxg7 Kxg7 12. Ne2 Na6 13. h4 1-0

[Event "A new game "]
[Site "http://www.queenalice.com/game.php?id=866383"]
[Date "2010.12.1"]
[Round "2"]
[White "mandar9589"]
[Black "GridKnit"]
[Result "0-1"]
[WhiteElo "2143"]
[BlackElo "1585"]

1. e4 c5 2. d3 g6 3. g3 Bg7 4. Bg2 d6 5. Nf3 Nc6 6. Nc3 Nf6 7. O-O O-O 8. h3 a6
9. a4 Qc7 10. Bg5 e6 11. Qd2 Bd7 12. Rae1 Nd4 13. b3 b5 14. e5 dxe5 15. Nxe5
Rac8 16. f4 b4 17. Ne2 Nxe2+ 0-1

[Event "nightw0lf-2"]
[Site "http://www.queenalice.com/game.php?id=868918"]
[Date "2010.12.7"]
[Round "4"]
[White "crawfb5"]
[Black "mandar9589"]
[Result "1/2-1/2"]
[WhiteElo "2227"]
[BlackElo "2120"]

1. e4 e5 2. Nf3 Nc6 3. Bb5 a6 4. Ba4 Nf6 5. O-O Be7 6. Re1 b5 7. Bb3 O-O 8. h3
d6 9. c3 Nb8 10. d4 Nbd7 11. Nbd2 Bb7 12. Bc2 Re8 13. a4 Bf8 14. Bd3 c6 15. b4
Rc8 16. axb5 cxb5 17. Bb2 d5 18. exd5 exd4 19. Rxe8 Qxe8 20. c4 bxc4 21. Bxc4
Bxb4 22. Qb3 Bxd2 23. Nxd2 Nc5 24. Qa3 Bxd5 25. Bxd5 Nxd5 26. Bxd4 Ne6 27. Bb2
Rc2 1/2-1/2